000
00298nam a22001217a 4500
008
230629b xxu||||| |||| 00| 0 eng d
082
_a
348.
_b
CLB 1994
245
_a
Commonwealth Law Bulletin
260
_b
Commonwealth Secretariat
_c
1994
300
_a
XXI,393p
440
_n
1
_v
20
942
_2
ddc
_c
BK
999
_c
3128
_d
3128